<?xml version="1.0" encoding="UTF-8"?>
<marc:record xmlns:marc="http://www.loc.gov/MARC21/slim">
   <marc:leader>00000nam a2200000 a 4500</marc:leader>
   <marc:datafield ind1="1" ind2=" " tag="100">
      <marc:subfield code="a">Schröder, Heike</marc:subfield>
      <marc:subfield code="4">aut</marc:subfield>
      <marc:subfield code="e">Verfasser/-in</marc:subfield>
   </marc:datafield>
   <marc:datafield ind1=" " ind2=" " tag="653">
      <marc:subfield code="a">Plastik</marc:subfield>
   </marc:datafield>
   <marc:datafield ind1=" " ind2=" " tag="653">
      <marc:subfield code="a">Plastikmüll</marc:subfield>
   </marc:datafield>
   <marc:datafield ind1="0" ind2="0" tag="245">
      <marc:subfield code="a">Plastik im Blut</marc:subfield>
   </marc:datafield>
   <marc:datafield ind1="0" ind2="0" tag="245">
      <marc:subfield code="b">Wie wir uns und die Umwelt täglich vergiften</marc:subfield>
   </marc:datafield>
   <marc:datafield ind1=" " ind2="1" tag="264">
      <marc:subfield code="b">VAK Verl. für Angewandte Kines</marc:subfield>
      <marc:subfield code="c">2017</marc:subfield>
   </marc:datafield>
   <marc:datafield ind1="1" ind2=" " tag="520">
      <marc:subfield code="a">Wir leben in einem Plastikzeitalter - mit gravierenden Folgen für die Umwelt und für den Menschen. Die gesundheitlichen Schäden, die Plastik auslöst, sind bereits deutlich spürbar.
Die Baubiologin Heike Schröder informiert nicht nur über die ökologischen Auswirkungen von Kunststoff, sondern klärt auch explizit über die gesundheitlichen Auswirkungen von Plastik in Bezug auf Zivilisationskrankheiten und Zellschädigungen auf.</marc:subfield>
   </marc:datafield>
   <marc:datafield ind1=" " ind2=" " tag="020">
      <marc:subfield code="a">9783867312004</marc:subfield>
      <marc:subfield code="9">9783867312004</marc:subfield>
   </marc:datafield>
</marc:record>
